| 000 | 00868nam a22002297a 4500 | ||
|---|---|---|---|
| 001 | BRCA_9285 | ||
| 003 | FranzMayer | ||
| 005 | 20230724112621.0 | ||
| 008 | 230721b |||||||| |||| 00| 0 eng d | ||
| 040 |
_aMFM _besp _cMFM |
||
| 050 | 4 |
_aLE47 _bP43 1793 |
|
| 082 | _2BF168 | ||
| 100 | 1 |
_4Autor _aPeccio, Nicolao. _928925 |
|
| 240 | 1 |
_aDe recta humanae mentis institutione _hLibri IV _lLatín |
|
| 245 | 0 |
_aDe recta humanae mentis institutione _bLibri IV |
|
| 260 |
_aMatriti, Madrid _bEx Typographia Benedicti Cano _c1793 |
||
| 300 |
_a204 P _c18 cm |
||
| 505 | 0 | _aTexto en: LatínDirigido a: teólogos, historiadores, obispos, personas pertenecientes a la iglesia católica.Incluye índice temático | |
| 650 | 1 |
_2Psicología _aHistoria de la psicología _vSiglo XVIII _928926 |
|
| 651 | 2 |
_2Mente humana _aCerebro _vEstudios de la mente _928927 |
|
| 942 |
_2lcc _cB |
||
| 999 |
_c10905 _d10905 |
||